000 00298nam a22001337a 4500
008 171025b xxu||||| |||| 00| 0 eng d
020 _a9780534399153
041 _aeng
080 _29 ED
_a311
100 _a55
101 _aSTA
245 _aELEMENTARY STATISTICS
_cJOHNSON.K
942 _2udc
_cBK
999 _c35857
_d35857